000 01343nam a22002777a 4500
003 OSt
005 20250414105202.0
008 210205s1998 ck ||||jr|||| 00| 1 spa d
020 _a9788423647736
040 _aCO-JMCR
_cCO-JMCR
041 1 _aspa
_heng
082 0 4 _223
_aA-N
_bCUSa
100 1 _aCushman, Karen,
_eautora
_913063
245 1 0 _aAprendiz de comadrona /
_cKaren Cushman ; traducción, Anna Gasol
250 _a3ª. edición
260 _aBarcelona :
_bEdebe,
_c1998
300 _a95 páginas ;
_c21 cm.
490 _aNómadas ;
_v3
505 0 _aEl montón de estiércol -- El gato -- La comadrona -- La mujer del molinero -- El mercader -- Los hombres -- El diablo -- Los gemelos -- El bebé de la mujer del alguacil -- El niño -- La huida -- La posada -- Visitas -- El palacio -- Edwar -- El bebé -- Aprendiz de comadrona
520 0 _an la Inglaterra medieval, una niña sin nombre y sin hogar es acogida por una partera de mal genio y, a pesar de los obstáculos y las dificultades, finalmente obtiene las tres cosas que más desea: un estómago lleno, un corazón contento y un lugar en este mundo.
650 2 4 _aEdad Media
_xFicción juvenil
_913064
650 2 4 _aMatronas
_xFicción juvenil
_913065
650 2 4 _aEdad Media
_xFicción
_913066
700 1 _aGasol, Anna,
_etraductora
_913067
942 _2ddc
_cBK
999 _c7113
_d7113